00494nam a2200169Ia 4500008004100000082000800041100001800049245005000067250000600117260003300123300001600156500002400172650001400196942000700210952009000217999001700307230524s9999 xx 000 0 und d bCHA aShashi Chawla 2aA Textbook of Materials Science & Engineering a1 aNew DelhibDhanpat Raic2010 a"XIX,359p;" aQuantity Number: 1 aChemistry cBK 00104070aTATCLbTATCLcGENd2023-05-24l0o CHAp53912r2023-05-24w2023-05-24yBK c56485d56485